Welcome to the Holygrace Academy Library

Please use search bar below to get started

Mr.SAMPATH (Record no. 3631)

MARC details
000 -LEADER
fixed length control field 00589nam a22001457a 4500
020 ## - INTERNATIONAL STANDARD BOOK NUMBER
ISBN 978-81-85986-04-3
082 ## - DEWEY DECIMAL CLASSIFICATION NUMBER
Classification number 823
Item number NAR/S
100 ## - MAIN ENTRY--AUTHOR NAME
Personal name NARAYAN, R.K
245 ## - TITLE STATEMENT
Title Mr.SAMPATH
Remainder of title THE PRINTER OF MALGUDI
260 ## - PUBLICATION, DISTRIBUTION, ETC. (IMPRINT)
Place of publication CHENNAI
Name of publisher INDIAN THOUGHT PUBLICATIONS
Year of publication 2011
300 ## - PHYSICAL DESCRIPTION
Number of Pages 219
520 ## - SUMMARY, ETC.
Summary, etc 'Mr. Sampath' is the novel of Malgudi's printer and big talker who dons many caps to earn fame, reputation, and money. The novel is set in the first decade of India's independence in the fictional South Indian town of Malgudi, created by R.K. Narayan.
650 ## - SUBJECT ADDED ENTRY--TOPICAL TERM
Topical Term NOVEL
Geographic subdivision INDIA
942 ## - ADDED ENTRY ELEMENTS (KOHA)
Koha item type Books
Holdings
Withdrawn status Lost status Collection code Home library Current library Shelving location Date acquired Source of acquisition Cost, normal purchase price Full call number Accession Number Koha item type
    Fiction Main Library Main Library SHELF-14-I- ALPHABETICAL N,O --ENGLISH NOVELS & FICTIONS 25/09/2012 purchase 115.00 823 NAR/S 05674 Books